[Event "POL-chT Region"]
[Site "Poland"]
[Date "1999.??.??"]
[Round "?"]
[White "Sek, Joachim"]
[Black "Szczyrba, Daniel"]
[Result "1-0"]
[WhiteElo "2232"]
[BlackElo "2115"]
[PlyCount "89"]
[EventDate "1999.??.??"]
[EventType "team"]
[EventRounds "13"]
[EventCountry "POL"]
[SourceTitle "EXT 2002"]
[Source "ChessBase"]
[SourceDate "2001.11.25"]
[SourceVersion "1"]
[SourceVersionDate "2001.11.25"]
[SourceQuality "1"]

1. e4 c5 2. Nf3 e6 3. d4 cxd4 4. Nxd4 a6 5. Nc3 Qc7 6. g3 Bb4 7. Qd3 Nf6 8. Bg2 Be7 9. 0-0 d6 10. a4 Nc6 11. Nxc6 bxc6 12. a5 Bb7 13. Be3 c5 14. Na4 Nd7 15. Bf4 0-0 16. Rfd1 e5 17. Bd2 Rab8 18. b3 Bc6 19. Nc3 Qb7 20. Nd5 Bxd5 21. Qxd5 Qxd5 22. exd5 f5 23. Bf1 Ra8 24. Ra4 e4 25. Bf4 Ne5 26. Be2 Bf6 27. h4 g6 28. Kg2 h5 29. f3 exf3+ 30. Bxf3 Nxf3 31. Kxf3 Rad8 32. Re1 Kf7 33. Re6 Bd4 34. Rc4 Rfe8 35. Bxd6 Rxe6 36. dxe6+ Kxe6 37. Bxc5 Be5 38. Be3 Rd6 39. Rc5 Rd1 40. Rc6+ Rd6 41. Rb6 Kf7 42. Bf4 Bxf4 43. Kxf4 Rd2 44. Rxa6 Rxc2 45. Rb6 1-0

[Event "POL-chT Region"]
[Site "Poland"]
[Date "1999.??.??"]
[Round "?"]
[White "Sek, Joachim"]
[Black "Zowada, Kazimierz"]
[Result "1-0"]
[WhiteElo "2232"]
[BlackElo "2233"]
[PlyCount "98"]
[EventDate "1999.??.??"]
[EventType "team"]
[EventRounds "13"]
[EventCountry "POL"]
[SourceTitle "EXT 2002"]
[Source "ChessBase"]
[SourceDate "2001.11.25"]
[SourceVersion "1"]
[SourceVersionDate "2001.11.25"]
[SourceQuality "1"]

1. e4 g6 2. d4 Bg7 3. f4 d6 4. Nf3 Nf6 5. Nc3 0-0 6. Bd3 b6 7. e5 Ne8 8. 0-0 e6 9. Qe2 Nd7 10. Ne4 d5 11. Nf2 c5 12. c3 Nc7 13. Bd2 Qe7 14. Ng4 Bb7 15. Be1 f5 16. exf6 Nxf6 17. Bh4 cxd4 18. Nxd4 Qd6 19. Nxf6+ Bxf6 20. Bxf6 Rxf6 21. g3 Ne8 22. Rae1 Ng7 23. Qe5 Qxe5 24. Rxe5 Rd8 25. Rfe1 Bc8 26. Bb5 Rd6 27. Bf1 a6 28. a4 Kf7 29. Bh3 Bd7 30. Ra1 Ne8 31. a5 b5 32. Kf2 Bc8 33. Rae1 Nc7 34. Ke3 Kg7 35. Kd3 Bd7 36. Kc2 Kf7 37. Kb3 Bc8 38. Kb4 Bd7 39. Kc5 Ne8 40. Bg4 h5 41. Bh3 Bc8 42. Bf1 Bd7 43. Bd3 Kg7 44. Rg5 Kf7 45. Nf3 Rc6+ 46. Kb4 Rc7 47. Ne5+ Kg7 48. Bxg6 Nd6 49. Be8+ Kf8 1-0

[Event "POL-chT 2nd div South"]
[Site "Polanica Zdroj"]
[Date "1999.??.??"]
[Round "6"]
[White "Szczechowicz, Bartosz"]
[Black "Sek, Joachim"]
[Result "1/2-1/2"]
[WhiteElo "2211"]
[BlackElo "2232"]
[PlyCount "40"]
[EventDate "1999.09.17"]
[EventType "team-swiss"]
[EventRounds "10"]
[EventCountry "POL"]
[SourceTitle "EXT 2001"]
[Source "ChessBase"]
[SourceDate "2000.11.22"]
[SourceVersion "1"]
[SourceVersionDate "2000.11.22"]
[SourceQuality "1"]
[WhiteTeam "POL-chT 2nd div South 13"]
[BlackTeam "POL-chT 2nd div South 11"]
[WhiteTeamCountry "POL"]
[BlackTeamCountry "POL"]

1. d4 e6 2. c4 f5 3. g3 Nf6 4. Bg2 c6 5. Nd2 d5 6. Nh3 Bd6 7. 0-0 0-0 8. Qc2 a5 9. Nf3 b6 10. Bf4 Bb7 11. Rac1 Na6 12. Rfd1 Rc8 13. Qb1 Qe7 14. Bxd6 Qxd6 15. Nf4 Rfd8 16. Ng5 Re8 17. a3 h6 18. Nf3 g5 19. Nd3 c5 20. dxc5 Nxc5 1/2-1/2

[Event "POL-chT 2nd League South"]
[Site "Wisla"]
[Date "1998.??.??"]
[Round "?"]
[White "Sek, Joachim"]
[Black "Zezulkin, Jurij"]
[Result "1/2-1/2"]
[WhiteElo "2245"]
[BlackElo "2505"]
[PlyCount "90"]
[EventDate "1998.11.20"]
[EventType "team-swiss"]
[EventRounds "10"]
[EventCountry "POL"]
[SourceTitle "EXT 2000"]
[Source "ChessBase"]
[SourceDate "1999.11.16"]
[SourceVersion "1"]
[SourceVersionDate "1999.11.16"]
[SourceQuality "1"]

1. e4 c5 2. Nf3 Nc6 3. d3 g6 4. g3 Bg7 5. Bg2 d6 6. 0-0 Nf6 7. c3 0-0 8. Re1 e5 9. Na3 Re8 10. c4 a6 11. Bd2 h6 12. Nc2 b5 13. b3 b4 14. a4 bxa3 15. Rxa3 Rb8 16. h3 Kh7 17. Bc3 Rf8 18. Ne3 Ne8 19. Nh4 Nc7 20. Nd5 Nxd5 21. cxd5 Nd4 22. Nf3 Nb5 23. Ba5 Qd7 24. Ra2 f5 25. Kh2 f4 26. g4 Bf6 27. Qd2 Bd8 28. b4 Bxa5 29. Rxa5 Nd4 30. Nxd4 cxd4 31. Bf3 Qd8 32. Rc1 Rf7 33. Ra2 Ra7 34. Rac2 Bd7 35. Rb2 Rc7 36. Rbc2 Rbc8 37. Rxc7 Rxc7 38. Rxc7 Qxc7 39. Bd1 Bb5 40. Bb3 Kg7 41. Bc4 h5 42. gxh5 gxh5 43. Qd1 Kh6 44. Qg1 Bxc4 45. Qc1 a5 1/2-1/2

[Event "POL-chT 47th"]
[Site "Mikolajki"]
[Date "1991.09.??"]
[Round "8"]
[White "Sek, Joachim"]
[Black "Duch, Mariusz"]
[Result "1/2-1/2"]
[WhiteElo "2245"]
[BlackElo "2315"]
[PlyCount "31"]
[EventDate "1991.09.20"]
[EventType "team-swiss"]
[EventRounds "9"]
[EventCountry "POL"]
[SourceTitle "EXT 2019"]
[Source "ChessBase"]
[SourceDate "2018.10.10"]
[SourceVersion "1"]
[SourceVersionDate "2018.10.10"]
[SourceQuality "1"]
[WhiteTeam "Bytom Start"]
[BlackTeam "Plock PTSz"]
[WhiteTeamCountry "POL"]
[BlackTeamCountry "POL"]

1. e4 c5 2. Nf3 d6 3. d4 cxd4 4. Nxd4 Nf6 5. Nc3 g6 6. Be3 Bg7 7. f3 Nc6 8. Qd2 Bd7 9. Bc4 0-0 10. h4 Qa5 11. 0-0-0 Rfc8 12. Bb3 Ne5 13. h5 Nxh5 14. g4 Nf6 15. Kb1 Rxc3 16. Qxc3 1/2-1/2